000 01130nam a2200277Ia 4500
001 ebr10720137
003 CaPaEBR
006 m o u
007 cr cn|||||||||
008 130621s2013 iluac s 000 0 eng d
020 _z9781783200344
020 _z9781783201396
040 _aCaPaEBR
_cCaPaEBR
035 _a(OCoLC)858055299
050 1 4 _aGV1785.H46
_bT47 2013eb
245 0 0 _aThrowing the body into the fight
_h[electronic resource] :
_ba portrait of Raimund Hoghe /
_cEdited by Mark Kate Connolly.
260 _aChicago, IL. :
_bIntellect, University of Chicago Press,
_cc2013.
300 _a140 p. :
_bill., ports.
533 _aElectronic reproduction.
_bPalo Alto, Calif. :
_cebrary,
_d2013.
_nAvailable via World Wide Web.
_nAccess may be limited to ebrary affiliated libraries.
600 1 0 _aHoghe, Raimund,
_d1949-
650 0 _aChoreographers
_zGermany
_vBiography.
655 7 _aElectronic books.
_2local
700 1 _aConnolly, Mark Kate.
710 2 _aebrary, Inc.
856 4 0 _uhttp://site.ebrary.com/lib/rucke/Doc?id=10720137
_zAn electronic book accessible through the World Wide Web; click to view
999 _c39347
_d39347